Cities by Leaders: France - Statistics

General Stats
  • This quiz has been taken 21 times
  • The average score is 6 of 18
Answer Stats
Leader City (born in) population, tips % Correct
Nicolas Sarkozy Paris ~2,2m, P
100%
Jacques Chirac Paris ~2,2m, P
100%
Alexandre Millerand Paris ~2,2m, P
100%
Charles de Gaulle Lille ~237k, L
85%
Emmanuel Macron Amiens ~137k, A
60%
François Hollande Rouen ~113k, R
60%
René Coty Le Havre ~173k, L
25%
François Mitterrand Jarnac 4638, Jar...
20%
Paul Doumer Aurillac ~28k, A not cadillac
15%
Valéry Giscard d'Estaing Koblenz ~114k, K, Germany
15%
Paul Deschanel Schaerbeek ~134k, S, in Brussels
5%
Gaston Doumergue Aigues-Vives ~4k, A guys lives
0%
Raymond Poincaré Bar-le-Duc ~16k, go for a drink?
0%
Émile Loubet Marsanne ~2k, M arsing
0%
Albert Lebrun Mercy-le-Haut 288, Mercy the hot
0%
Armand Fallières Mézin ~2k, A-mazing
0%
Georges Pompidou Montboudif 196, Mont...
0%
Vincent Auriol Revel ~10k, Reveal it
0%
No matching quizzes found
Score Distribution
Percent of People with Each Score
Percentile by Number Answered
Your Score History
You have not taken this quiz